01461nam a2200421 i 4500001000700000003000800007005001700015006001900032007001500051008004100066020001800107020002700125035002300152035002400175035002500199035002100224040003100245050002300276080001000299082001700309100002200326245010500348250002300453264007700476300004100553336003100594337003300625338004300658500002300701504002900724588012500753650001300878650001300891650002000904650002600924655002700950856006200977140134FlNmELB20241217181343.0m o d | cr cnu||||||||160310s2013 ag ob 001 0 spa d z9789879473948 a9789873898006 (e-book) a(MiAaPQ)EBC4310178 a(Au-PeEL)EBL4310178 a(CaPaEBR)ebr11138319 a(OCoLC)984804203 aFINmELBbspaerdacFINmELB 4aG155.A1bW212 2013 a338.40 a338.47912231 aWallingre, Noemi.10aTransporte carretero argentino :bincidencia en los desplazamientos turísticos /cNoemi Wallingre. aSegunda edición. 1aBuenos Aires :bFundación Proturismo - Ediciones Turísticas,c[2013] a1 recurso en línea (209 páginas) atextobtxt2rdacontent/spa acomputadorabc2rdamedia/spa arecurso en líneabcr2rdacarrier/spa aContiene índice. aContiene bibliografía. aDescripción basada en recurso en línea; Título de la página del título en PDF (e-libro, visto March 10, 2016). 0aTourism. 4aTurismo. 0aTransportation. 4aTransporte terrestre. 4aLibros electrónicos.40uhttps://elibro.net/ereader/politecnicointernacional/77376